| 000 | 00631nam a2200205 i 4500 | ||
|---|---|---|---|
| 001 | bg | ||
| 100 | 1 | _aSIKORA, Jarosław | |
| 245 | 1 | 0 |
_aDekorelacja natężenia wiązki jonizującej i energii elektronów w źródłach jonów z gorącą katodą / _cJarosław Sikora. |
| 260 |
_aLublin : _bWydawnictwo Politechniki Lubelskiej, _c2004. |
||
| 500 | _aStreszcz. ang. | ||
| 504 | _aBibliogr. | ||
| 650 | 9 |
_aPrzyrządy pomiarowe _xbadanie |
|
| 020 | _a8389246333 | ||
| 040 | _cBPK | ||
| 041 | 0 |
_apol _beng |
|
| 080 | _a621.317:543.5:537.5 | ||
| 920 | _a83-89246-33-3 | ||
| 942 | _cKS | ||
| 008 | s pl f |000 0 pol | ||
| 999 |
_c53040 _d53040 |
||
| 856 |
_uhttp://koha.tu.koszalin.pl/cgi-bin/koha/opac-detail.pl?biblionumber=53040 _yKatalog online BPK |
||